000
00233nam a22000857a 4500
008
160816b xxu||||| |||| 00| 0 eng d
100
_9
132
_a
Gupta S.K
245
_a
Composite Mathematics-VIII
260
_a
New Delhi
_b
S.Chand publication
_c
2011
999
_c
2787
_d
2787